Datum a čas kvízu
29.5
Celkem bodů
Celkový počet nahraných bodů na tomto kvízu bez doplňovacích otázek.
5.
Pořadí na kvízu
Konečné umístění týmu na tomto kvízu.
Zaznamenané odpovědi
| # | Otázka | Odpověď | Body | Výsledky |
|---|---|---|---|---|
| 1. | Že vánoční punk není mrtvý, má... | Bruntál | 0 | |
| 2. | Spoluzakladatel radikálního ek... | Extinction Rebellion | 0 | |
| 3. | Křišťálovou lupu za online vid... | Honza Mikulka, Janek Rubeš | 0.5 | |
| 4. | Gambrinus ve čtvrtek oznámil j... | přestane stáčet pivo do plastových lahví | 1 | |
| 5. | Novým trenérem Tottenhamu Hots... | Mauricio Pochettino | 1 | |
| 6. | Toto téma minulý týden zvítězi... | Vídeň, 2005 | 0.5 | |
| 7. | Nespočet hlášek má na svém kon... | vycházky | 0 | |
| 8. | Televize Nova a sportovní přen... | Václav Tittelbach, Pavel Poulíček | 0 | |
| 9. | Autorem mnoha legendárních hlá... | Nemecký/Německý | 1 | |
| 10. | Tento finský komentář vítěznéh... | 71 m (uznáváme tedy 68–74) | 0 |